Statistiques concernant Les pays se terminant par S

Cliquez ici pour prendre le quiz!

Statistiques générales

  • Ce quiz a été pris 577 fois
    (529 depuis la dernière actualisation)
  • Le résultat moyen est 7 sur 11

Statistiques - réponses

Pays% Correct
États-Unis
80%
Seychelles
67%
Bahamas
63%
Laos
63%
Maldives
63%
Honduras
60%
Palaos
58%
Comores
57%
Philippines
52%
Émirats arabes unis
51%
Pays-Bas
43%

Distribution des résultats

Percentile par nombre de réponses

% des personnes avec chaque résultat

Votre développement - résultats

Vous n’avez pas pris ce quiz depuis la dernière actualisation